Ultimate Regular Show Quiz - Statistics

General Stats
  • This quiz has been taken 848 times
  • The average score is 12 of 15
Answer Stats
Hint Answer % Correct
The other main character.What is the Raccoon's name? Rigby
99%
One of the main characters.What is the Blue Jay's name? Mordecai
96%
There is other characters live in the park.What is the Yeti's name? Skips
96%
What is the Green Guy's name? Muscle Man
94%
What is the Lollipop's name? Pops
94%
What is the Park Manager's name? Benson
93%
Where does the Blue Jay and the Raccoon work? Park
93%
What is the Ghost's name? High Five Ghost
90%
The Blue Jay has a crush on a Robin. What is the Robin's name? Margaret
90%
The Robin has a Mole friend.What is the Mole's name? Eileen
84%
Where does the Robin and the Mole work? Coffee Shop
83%
What was the Yeti's name before? Walks
79%
What is the owner of The Park's name? Mr.Maellard
44%
What is the Robin's cousin's name? John
19%
What is the Green Guy's real name? Mitch Sorrenstein
16%
No matching quizzes found
Score Distribution
Percent of People with Each Score
Percentile by Number Answered
Your Score History
You have not taken this quiz